| 000 | 00462nam a2200193Ia 4500 | ||
|---|---|---|---|
| 005 | 20250603145712.0 | ||
| 008 | 250603s9999 xx 000 0 und d | ||
| 020 | _a9789814577892 | ||
| 050 | _aQP 34.5 .V36/ | ||
| 100 | _aVanputte, Cinnamon. | ||
| 245 | 0 | _aSeeley’s anatomy and physiology. | |
| 250 | _a10th ed. | ||
| 260 | _aNew York | ||
| 260 | _bMcGraw Hill Education | ||
| 260 | _c2014 | ||
| 300 | _a1107 p | ||
| 650 | _aNew York | ||
| 942 | _cBK | ||
| 999 |
_c42606 _d42606 |
||